Normal view
MARC view
- Shinde, Rana.
Entry Personal Name
001 - CONTROL NUMBER
- control field: 3418
003 - CONTROL NUMBER IDENTIFIER
- control field: NUST
005 - DATE AND TIME OF LATEST TRANSACTION
- control field: 20170718165137.0
008 - FIXED-LENGTH DATA ELEMENTS
- fixed length control field: 170718|| aca||aabn | a|a d
040 ## - CATALOGING SOURCE
- Original cataloging agency: NUST
- Transcribing agency: NUST
100 ## - HEADING--PERSONAL NAME
- Personal name: Shinde, Rana.
670 ## - SOURCE DATA FOUND
- Source citation: Work cat.: (NUST)0: Chatterjea, M. N. 3416, Textbook of medical biochemistry /, c2008.
